| 000 | 00644nam a2200217 a 4500 | ||
|---|---|---|---|
| 001 | BRCA_6769 | ||
| 005 | 20190321142923.0 | ||
| 008 | 261011s1850----gw-a######---#000-0#ger-# | ||
| 041 | _ager | ||
| 044 | _agw | ||
| 050 | 4 | _b.E33 1850 | |
| 100 | 1 |
_aEichner, Walter _d1926- _916892 |
|
| 245 | 1 | 0 |
_aAus Werkstätten des Geistes _bein literarischer Citatenschatz _cgesammelt und geordnet von Walter Eichner. |
| 260 |
_aFrankfurt _bHugo Andres & Co. _c[1850] |
||
| 300 |
_a800 p. _bil. _c19 cm. |
||
| 500 | _aEstado físico: primera página desprendida | ||
| 500 | _aL88 | ||
| 650 | 1 | 4 |
_aLas citas, alemán _916893 |
| 902 | _aGFM | ||
| 942 |
_2lcc _cB |
||
| 999 |
_c6452 _d6452 |
||